|
|
|
|
| LEADER |
00000cam a2200000 7i4500 |
| 001 |
0000278563 |
| 005 |
20210423153540.0 |
| 006 |
a# ###ee# ####### |
| 007 |
tt |
| 008 |
210423 enk# e## ##0engm# |
| 020 |
|
|
|a 9781847925909
|
| 040 |
|
|
|a MBPJ
|b eng
|c MBPJ
|e rda
|
| 090 |
|
|
|a 612.044
|b OMA
|
| 100 |
1 |
|
|a O'mara, Shane ,
|e author
|
| 245 |
1 |
0 |
|a IN PRAISE OF WALKING :
|b The New Science of How We Walk and Why it's Good for us
|c SHANE O'MARA
|
| 264 |
|
0 |
|c ©2019
|
| 264 |
|
1 |
|a London :
|b The Bodley Head
|c 2019
|
| 300 |
|
|
|a 218 pages ;
|c 22 cm.
|
| 336 |
|
|
|a text
|2 rdacontent
|
| 337 |
|
|
|a unmediated
|2 rdamedia
|
| 338 |
|
|
|a volume
|2 rdacarrier
|
| 504 |
|
|
|a Includes index
|
| 650 |
|
0 |
|a Walking
|x Physiological aspects
|v Popular works
|
| 650 |
|
0 |
|a Walking
|x Psychological aspects
|v Popular works
|
| 999 |
|
|
|a 00385730
|b BUKU
|c PINJAMAN
|e PERPUSTAKAAN KOMUNITI PETALING JAYA
|